[Event "CZE-chT2F 1415"]
[Site "Czech Republic"]
[Date "2015.03.29"]
[Round "10.16"]
[White "Beseda, Roman"]
[Black "Hricko, Martin"]
[Result "1-0"]
[WhiteElo "2089"]
[BlackElo "1967"]
[PlyCount "65"]
[EventDate "2014.11.02"]
[EventType "team-tourn"]
[EventRounds "11"]
[EventCountry "CZE"]
[SourceTitle "EXT 2022"]
[Source "ChessBase"]
[SourceDate "2021.10.06"]
[SourceVersion "1"]
[SourceVersionDate "2021.10.06"]
[SourceQuality "1"]
[WhiteTeam "Dobra"]
[BlackTeam "Havirov Slovan"]
[WhiteTeamCountry "CZE"]
[BlackTeamCountry "CZE"]

1. e4 d5 2. exd5 Qxd5 3. Nc3 Qa5 4. d4 Nf6 5. Nf3 Bg4 6. h3 Bh5 7. g4 Bg6 8. Ne5 c6 9. Nxg6 hxg6 10. Bg2 e6 11. 0-0 Bd6 12. Re1 Nbd7 13. Bd2 Qc7 14. Qf3 0-0-0 15. Bg5 Rdf8 16. Rab1 Bh2+ 17. Kh1 Bd6 18. b4 Nh7 19. Bd2 f5 20. g5 f4 21. Ne4 Rf5 22. b5 Nxg5 23. Nxg5 Rxg5 24. bxc6 Qxc6 25. Qxc6+ bxc6 26. Rxe6 Bc7 27. Rxc6 Rf5 28. Rb3 Kd8 29. Rbc3 f3 30. Bf1 Ba5 31. Rc8+ Ke7 32. Rxh8 Bxc3 33. Bxc3 1-0

[Event "CZE-chT2F 1415"]
[Site "Czech Republic"]
[Date "2015.02.22"]
[Round "8.15"]
[White "Hricko, Martin"]
[Black "Novak, Jiri"]
[Result "0-1"]
[WhiteElo "1967"]
[BlackElo "1996"]
[PlyCount "80"]
[EventDate "2014.11.02"]
[EventType "team-tourn"]
[EventRounds "11"]
[EventCountry "CZE"]
[SourceTitle "EXT 2022"]
[Source "ChessBase"]
[SourceDate "2021.10.06"]
[SourceVersion "1"]
[SourceVersionDate "2021.10.06"]
[SourceQuality "1"]
[WhiteTeam "Havirov Slovan"]
[BlackTeam "Orlova Slavia II"]
[WhiteTeamCountry "CZE"]
[BlackTeamCountry "CZE"]

1. e4 e5 2. Nf3 Nc6 3. d4 exd4 4. c3 dxc3 5. Bc4 d6 6. Nxc3 h6 7. Qb3 Qd7 8. Bb5 a6 9. Bd3 Nf6 10. Bf4 Nh5 11. Be3 Be7 12. 0-0-0 0-0 13. Rhg1 Nf6 14. e5 Ng4 15. exd6 Bxd6 16. Ne4 Nxe3 17. fxe3 Qe6 18. Qc3 Nb4 19. Bb1 Qxe4 20. Bxe4 Nxa2+ 21. Kc2 Nxc3 22. Kxc3 Re8 23. Kd3 c6 24. g4 Be6 25. g5 h5 26. g6 f5 27. Ng5 fxe4+ 28. Ke2 Bc4+ 29. Kf2 Rad8 30. Rd4 Bd3 31. Nf7 Rf8 32. Kg2 Rxf7 33. gxf7+ Kxf7 34. Kh3 Kf6 35. Rd1 g5 36. Kg2 Ke5 37. b4 Rf8 38. Rd2 g4 39. h3 Rf3 40. hxg4 hxg4 0-1

[Event "CZE-chT2F 1415"]
[Site "Czech Republic"]
[Date "2014.11.30"]
[Round "3.15"]
[White "Krejci, Jan"]
[Black "Hricko, Martin"]
[Result "1-0"]
[WhiteElo "2106"]
[BlackElo "1967"]
[PlyCount "63"]
[EventDate "2014.11.02"]
[EventType "team-tourn"]
[EventRounds "11"]
[EventCountry "CZE"]
[SourceTitle "EXT 2022"]
[Source "ChessBase"]
[SourceDate "2021.10.06"]
[SourceVersion "1"]
[SourceVersionDate "2021.10.06"]
[SourceQuality "1"]
[WhiteTeam "Litovel Tatran II"]
[BlackTeam "Havirov Slovan"]
[WhiteTeamCountry "CZE"]
[BlackTeamCountry "CZE"]

1. Nf3 Nf6 2. c4 g6 3. b3 Bg7 4. Bb2 d6 5. d4 0-0 6. g3 Na6 7. Bg2 c5 8. 0-0 Bf5 9. Nbd2 Qd7 10. Re1 Nb4 11. e4 Bh3 12. Nf1 Bxg2 13. Kxg2 cxd4 14. Nxd4 Rad8 15. Bc3 Nc6 16. Qc2 Nxd4 17. Bxd4 Qc6 18. f3 d5 19. exd5 Rxd5 20. Qf2 Rf5 21. Bxf6 Bxf6 22. Rad1 e6 23. Ne3 Rg5 24. h4 Ra5 25. Rd3 Bd8 26. Qd2 Bb6 27. Ng4 h5 28. Nf6+ Kg7 29. Qb2 Kh6 30. Nd7 Rg8 31. c5 Bxc5 32. Qd2+ 1-0

[Event "CZE-chT2F 1415"]
[Site "Czech Republic"]
[Date "2014.11.02"]
[Round "1.16"]
[White "Hricko, Martin"]
[Black "Kantor, Petr"]
[Result "0-1"]
[WhiteElo "1967"]
[BlackElo "2065"]
[PlyCount "164"]
[EventDate "2014.11.02"]
[EventType "team-tourn"]
[EventRounds "11"]
[EventCountry "CZE"]
[SourceTitle "EXT 2022"]
[Source "ChessBase"]
[SourceDate "2021.10.06"]
[SourceVersion "1"]
[SourceVersionDate "2021.10.06"]
[SourceQuality "1"]
[WhiteTeam "Havirov Slovan"]
[BlackTeam "Mosty u Jablunkova"]
[WhiteTeamCountry "CZE"]
[BlackTeamCountry "CZE"]

1. e4 c6 2. d4 d5 3. exd5 cxd5 4. c4 Nf6 5. Nc3 Nc6 6. Nf3 g6 7. cxd5 Nxd5 8. Bc4 Nb6 9. Bb3 Bg7 10. Be3 0-0 11. 0-0 Bg4 12. h3 Bf5 13. Rc1 Na5 14. Re1 Nxb3 15. Qxb3 Be6 16. Qb4 h6 17. Bf4 a5 18. Qc5 Nd5 19. Nxd5 Qxd5 20. Qxd5 Bxd5 21. Rxe7 Rfe8 22. Rcc7 Rxe7 23. Rxe7 Bf6 24. Rc7 Bd8 25. Rc5 Bxa2 26. Bxh6 f6 27. Bf4 a4 28. Bc7 Kf8 29. g4 Be7 30. Rb5 Bc4 31. Rb6 Rc8 32. Bf4 Bd5 33. Kg2 a3 34. bxa3 Rc3 35. Be3 Rxa3 36. h4 Ra5 37. Kg3 Bc6 38. g5 Rf5 39. Bf4 Bxf3 40. Kxf3 fxg5 41. hxg5 Bxg5 42. Rxg6 Bxf4 43. Ke4 Rf7 44. Kd5 Bc7 45. Kc5 Rxf2 46. d5 Rc2+ 47. Kb5 Rd2 48. Kc5 Ke7 49. Rg7+ Kd8 50. Rg8+ Kd7 51. Rg7+ Kc8 52. Rg8+ Bd8 53. Rh8 Kd7 54. Rh7+ Be7+ 55. Kb6 Rb2+ 56. Ka7 b5 57. Kb6 b4 58. Kb5 Rd2 59. Kc4 Ke8 60. Rh8+ Kf7 61. Rh7+ Kf8 62. Rh8+ Kg7 63. Rb8 Rc2+ 64. Kb3 Rc3+ 65. Ka4 Ra3+ 66. Kb5 Rd3 67. Kc4 Rc3+ 68. Kd4 Bf6+ 69. Ke4 Be7 70. Rb7 Kf8 71. Rb8+ Kf7 72. Rb7 Ke8 73. Ke5 Re3+ 74. Kd4 Rh3 75. Rb8+ Kd7 76. Rb7+ Kd8 77. Kc4 Rc3+ 78. Kd4 Bc5+ 79. Ke5 Kc8 80. Rb5 Kc7 81. Ke6 Re3+ 82. Kf5 Kd6 0-1

[Event "CZE-chT2F 1314"]
[Site "Czech Republic"]
[Date "2014.04.06"]
[Round "11.68"]
[White "Kocian, Miroslav"]
[Black "Hricko, Martin"]
[Result "1-0"]
[WhiteElo "2015"]
[BlackElo "1937"]
[PlyCount "65"]
[EventDate "2013.11.03"]
[EventType "team-tourn"]
[EventRounds "11"]
[EventCountry "CZE"]
[SourceTitle "EXT 2016"]
[Source "ChessBase"]
[SourceDate "2015.10.08"]
[SourceVersion "1"]
[SourceVersionDate "2015.10.08"]
[SourceQuality "1"]
[WhiteTeam "Zlin II"]
[BlackTeam "Havirov Slovan"]
[WhiteTeamCountry "CZE"]
[BlackTeamCountry "CZE"]

1. e4 d5 2. exd5 Nf6 3. c4 c6 4. d4 cxd5 5. Nc3 Nc6 6. Bg5 dxc4 7. d5 Ne5 8. Qd4 Nd3+ 9. Bxd3 cxd3 10. Nf3 g6 11. Bxf6 exf6 12. 0-0 Be7 13. Rad1 0-0 14. Rxd3 Bf5 15. Rd2 Re8 16. g4 Bd7 17. d6 Bf8 18. Nd5 Bg7 19. Qb4 f5 20. gxf5 gxf5 21. Ne7+ Kh8 22. Ng5 Rf8 23. Qh4 h6 24. Re1 Qa5 25. b4 Qb6 26. a3 a5 27. Qh5 axb4 28. Nxf7+ Rxf7 29. Qxf7 Qb5 30. Ng6+ Kh7 31. Re7 Rg8 32. Nf8+ Kh8 33. Qg6 1-0

[Event "CZE-chT2F 1314"]
[Site "Czech Republic"]
[Date "2014.03.02"]
[Round "9.66"]
[White "Hricko, Martin"]
[Black "Cupek, Martin"]
[Result "1-0"]
[WhiteElo "1937"]
[BlackElo "2056"]
[PlyCount "48"]
[EventDate "2013.11.03"]
[EventType "team-tourn"]
[EventRounds "11"]
[EventCountry "CZE"]
[SourceTitle "EXT 2016"]
[Source "ChessBase"]
[SourceDate "2015.10.08"]
[SourceVersion "1"]
[SourceVersionDate "2015.10.08"]
[SourceQuality "1"]
[WhiteTeam "Havirov Slovan"]
[BlackTeam "Mosty u Jablunkova"]
[WhiteTeamCountry "CZE"]
[BlackTeamCountry "CZE"]

1. e4 d6 2. d4 Nd7 3. Nc3 e5 4. d5 c5 5. f4 exf4 6. Bxf4 a6 7. a4 b6 8. Nf3 Qe7 9. Bc4 g6 10. 0-0 Nh6 11. e5 dxe5 12. Nxe5 Nxe5 13. Bxe5 Qxe5 14. Re1 Ng4 15. Qf3 f5 16. Rxe5+ Nxe5 17. Re1 Bd6 18. Rxe5+ Bxe5 19. Qe3 Kd7 20. Qxe5 Re8 21. Qg7+ Re7 22. Qf6 Bb7 23. Qxb6 Ke8 24. d6 Rg7 1-0

[Event "Havirov op 14th"]
[Site "Havirov"]
[Date "2013.08.29"]
[Round "6"]
[White "Cempel, Jaroslav"]
[Black "Hricko, Martin"]
[Result "1-0"]
[WhiteElo "2209"]
[BlackElo "1961"]
[PlyCount "69"]
[EventDate "2013.08.24"]
[EventType "swiss"]
[EventRounds "9"]
[EventCountry "CZE"]
[SourceTitle "CBM 156 Extra"]
[Source "ChessBase"]
[SourceDate "2013.10.22"]
[SourceVersion "1"]
[SourceVersionDate "2013.10.22"]
[SourceQuality "1"]

1. d4 Nf6 2. Nd2 g6 3. e4 d6 4. Bd3 Bg7 5. Ndf3 0-0 6. Bg5 h6 7. Be3 Ng4 8. Bd2 c5 9. h3 Nf6 10. c3 cxd4 11. Nxd4 Nc6 12. Ngf3 e5 13. Nxc6 bxc6 14. 0-0 Rb8 15. b3 Nd7 16. Be3 Qc7 17. c4 f5 18. Nh4 f4 19. Nxg6 fxe3 20. Nxf8 exf2+ 21. Rxf2 Nxf8 22. Qh5 Be6 23. Raf1 Qe7 24. h4 Nh7 25. Be2 Nf6 26. Qg6 Rf8 27. g3 d5 28. exd5 cxd5 29. cxd5 Bf7 30. Qd3 e4 31. Qb5 Qe5 32. Kh2 Nh5 33. Rg2 Qxd5 34. Rxf7 Qxf7 35. Bc4 1-0

[Event "Pobeskydy ArcelorMittal op"]
[Site "Frydek Mistek"]
[Date "2009.04.10"]
[Round "3"]
[White "Hricko, Martin"]
[Black "Trombik, Karel"]
[Result "1-0"]
[WhiteElo "1930"]
[BlackElo "2143"]
[PlyCount "70"]
[EventDate "2009.04.09"]
[EventType "swiss"]
[EventRounds "9"]
[EventCountry "CZE"]
[SourceTitle "CBM 129 Extra"]
[Source "ChessBase"]
[SourceDate "2009.05.05"]
[SourceVersion "2"]
[SourceVersionDate "2009.05.20"]
[SourceQuality "1"]

1. e4 d5 2. exd5 Qxd5 3. Nc3 Qd6 4. g3 c6 5. Bg2 Nf6 6. d3 e5 7. Nf3 Bg4 8. 0-0 Nbd7 9. Qe1 0-0-0 10. Be3 Qb8 11. a4 Bb4 12. a5 a6 13. Nd2 Be6 14. Ra4 Bd6 15. Nc4 Bc7 16. Qa1 Nd5 17. Nxd5 cxd5 18. Nb6+ Nxb6 19. axb6 Bd6 20. c4 d4 21. Bd2 Bc5 22. b4 Bxb6 23. c5 Ba7 24. c6 Bd5 25. b5 Bxg2 26. Kxg2 Qd6 27. cxb7+ Kxb7 28. Rxa6 Qd5+ 29. Kg1 Ra8 30. Rc1 Bc5 31. Qa5 Rhc8 32. Bb4 Qd8 33. Qxd8 Rxd8 34. Rxc5 f6 35. Rcc6 Rd7 1-0

[Event "Pobeskydy ArcelorMittal op"]
[Site "Frydek Mistek"]
[Date "2009.04.10"]
[Round "4"]
[White "Mikrut, Dariusz"]
[Black "Hricko, Martin"]
[Result "1-0"]
[WhiteElo "2394"]
[BlackElo "1930"]
[PlyCount "57"]
[EventDate "2009.04.09"]
[EventType "swiss"]
[EventRounds "9"]
[EventCountry "CZE"]
[SourceTitle "CBM 129 Extra"]
[Source "ChessBase"]
[SourceDate "2009.05.05"]
[SourceVersion "2"]
[SourceVersionDate "2009.05.20"]
[SourceQuality "1"]

1. d4 Nf6 2. c4 g6 3. Nc3 Bg7 4. e4 0-0 5. Be3 d6 6. f3 Nc6 7. Nge2 e5 8. d5 Ne7 9. Qd2 c6 10. 0-0-0 cxd5 11. cxd5 Bd7 12. Kb1 b5 13. Nc1 b4 14. N3e2 a5 15. g4 Qb8 16. Ng3 Ba4 17. b3 Bd7 18. h4 a4 19. h5 axb3 20. Nxb3 Ba4 21. hxg6 fxg6 22. g5 Bxb3 23. axb3 Nfxd5 24. Bc4 Rxf3 25. Bxd5+ Nxd5 26. Qxd5+ Kh8 27. Nf5 Qg8 28. Rxh7+ Qxh7 29. Qxa8+ 1-0

[Event "Pobeskydy ArcelorMittal op"]
[Site "Frydek Mistek"]
[Date "2009.04.09"]
[Round "2"]
[White "Kratochvil, Josef"]
[Black "Hricko, Martin"]
[Result "0-1"]
[WhiteElo "2159"]
[BlackElo "1930"]
[PlyCount "94"]
[EventDate "2009.04.09"]
[EventType "swiss"]
[EventRounds "9"]
[EventCountry "CZE"]
[SourceTitle "CBM 129 Extra"]
[Source "ChessBase"]
[SourceDate "2009.05.05"]
[SourceVersion "2"]
[SourceVersionDate "2009.05.20"]
[SourceQuality "1"]

1. d4 Nf6 2. c4 g6 3. Nc3 Bg7 4. e4 0-0 5. Be2 d6 6. Bg5 h6 7. Bh4 Nc6 8. d5 Ne5 9. f4 Ned7 10. Nf3 Nc5 11. Nd2 c6 12. Rc1 Qb6 13. Qc2 Bg4 14. e5 Bf5 15. Qd1 dxe5 16. fxe5 Ng4 17. Bxg4 Nd3+ 18. Kf1 Bxg4 19. Qxg4 Nxc1 20. Bxe7 Rfe8 21. d6 Bxe5 22. Nce4 Qe3 23. g3 Nd3 24. Kg2 h5 25. Qf3 Ne1+ 26. Rxe1 Qxe1 27. Qd3 Rad8 28. Bxd8 Rxd8 29. Nf3 Qa5 30. c5 Bxb2 31. Nfg5 Qxa2 32. Kh3 Qd5 33. Qb1 Qf5+ 34. Kg2 Bd4 35. Qxb7 Bxc5 36. Qe7 Rxd6 37. Nxd6 Qd5+ 38. Nf3 Qxd6 39. Qe8+ Kg7 40. h4 Qe6 41. Qxe6 fxe6 42. Ng5 Bb6 43. Nxe6+ Kf6 44. Nf4 a5 45. Nd3 Bc7 46. Kf3 Bd6 47. g4 a4 0-1

[Event "Teplice op 3rd"]
[Site "Teplice"]
[Date "2008.06.15"]
[Round "2"]
[White "Danes, Jaroslav"]
[Black "Hricko, Martin"]
[Result "1-0"]
[WhiteElo "2202"]
[BlackElo "1927"]
[PlyCount "47"]
[EventDate "2008.06.14"]
[EventType "swiss"]
[EventRounds "9"]
[EventCountry "CZE"]
[SourceTitle "CBM 125 Extra"]
[Source "ChessBase"]
[SourceDate "2008.09.01"]
[SourceVersion "1"]
[SourceVersionDate "2008.09.01"]
[SourceQuality "1"]

1. e4 d6 2. d4 Nf6 3. Nc3 g6 4. Nf3 Bg7 5. h3 0-0 6. Be2 c5 7. d5 Na6 8. 0-0 Nc7 9. a4 e6 10. dxe6 Bxe6 11. Bf4 Nfe8 12. Re1 d5 13. e5 f6 14. Bf1 fxe5 15. Bxe5 Bxe5 16. Rxe5 Qd6 17. Qe1 Bxh3 18. gxh3 Rxf3 19. Nxd5 Nxd5 20. Bg2 Ne3 21. Rxe3 Rxe3 22. Qxe3 Qb6 23. Qe5 Rd8 24. Bd5+ 1-0

[Event "Orlova op 5th"]
[Site "Orlova"]
[Date "2008.05.24"]
[Round "8"]
[White "Hricko, Martin"]
[Black "Novotny, Vladimir"]
[Result "1-0"]
[WhiteElo "1927"]
[BlackElo "1776"]
[PlyCount "75"]
[EventDate "2008.05.17"]
[EventType "swiss"]
[EventRounds "9"]
[EventCountry "CZE"]
[SourceTitle "EXT 2012"]
[Source "ChessBase"]
[SourceDate "2011.11.24"]
[SourceVersion "1"]
[SourceVersionDate "2011.11.24"]
[SourceQuality "1"]

1. e4 e5 2. Nc3 Nf6 3. f4 exf4 4. e5 Qe7 5. Qe2 Ng8 6. Nf3 c6 7. d4 d6 8. Bxf4 Bg4 9. exd6 Qxe2+ 10. Bxe2 Nf6 11. 0-0 Nbd7 12. Bc4 Be6 13. Rae1 0-0-0 14. Bxe6 fxe6 15. Rxe6 Nb6 16. Rfe1 Nc4 17. Ng5 Bxd6 18. Bxd6 Nxd6 19. Re7 Rhe8 20. Rxe8 Rxe8 21. Rxe8+ Ndxe8 22. Nce4 Nd5 23. c3 h6 24. Nf7 Kd7 25. Kf2 b5 26. Ne5+ Kc7 27. Nc5 a5 28. Kf3 a4 29. b3 Kb6 30. h3 Nd6 31. g4 g5 32. Ne4 Nxe4 33. Kxe4 Nf4 34. h4 Ng2 35. hxg5 hxg5 36. Kf5 Kc7 37. Nf3 Kd6 38. Nxg5 1-0

[Event "Orlova op 5th"]
[Site "Orlova"]
[Date "2008.05.20"]
[Round "4"]
[White "Hricko, Martin"]
[Black "Cujdik, Jiri"]
[Result "1-0"]
[WhiteElo "1927"]
[BlackElo "2049"]
[PlyCount "47"]
[EventDate "2008.05.17"]
[EventType "swiss"]
[EventRounds "9"]
[EventCountry "CZE"]
[SourceTitle "EXT 2012"]
[Source "ChessBase"]
[SourceDate "2011.11.24"]
[SourceVersion "1"]
[SourceVersionDate "2011.11.24"]
[SourceQuality "1"]

1. e4 c5 2. c3 g6 3. d4 cxd4 4. cxd4 d5 5. exd5 Nf6 6. Nc3 Bg7 7. Bc4 0-0 8. Nf3 Nbd7 9. d6 Nb6 10. dxe7 Qxe7+ 11. Be2 Be6 12. 0-0 h6 13. Re1 Rfd8 14. Bf4 Nfd5 15. Bg3 Rac8 16. Rc1 Qb4 17. Qd2 Nc4 18. Nxd5 Qxd2 19. Nxd2 Nxd2 20. Ne7+ Kf8 21. Nxc8 Bxc8 22. Bb5 Be6 23. Rc2 Rxd4 24. Rc8+ 1-0

[Event "Morava-ch U16"]
[Site "Havlickuv Brod"]
[Date "2007.10.27"]
[Round "8"]
[White "Hricko, Martin"]
[Black "Snevajs, Herman"]
[Result "1-0"]
[WhiteElo "1940"]
[BlackElo "2012"]
[PlyCount "45"]
[EventDate "2007.10.24"]
[EventType "swiss"]
[EventRounds "9"]
[EventCountry "CZE"]
[SourceTitle "EXT 2022"]
[Source "ChessBase"]
[SourceDate "2021.10.06"]
[SourceVersion "1"]
[SourceVersionDate "2021.10.06"]
[SourceQuality "1"]

1. e4 e5 2. Nc3 Nc6 3. f4 Bc5 4. Nf3 d6 5. Bb5 Bd7 6. Bxc6 Bxc6 7. fxe5 dxe5 8. Nxe5 Qd4 9. Nd3 0-0-0 10. Nxc5 Qxc5 11. d3 f5 12. Qe2 Nf6 13. Be3 Qb4 14. 0-0-0 fxe4 15. dxe4 Nxe4 16. Qg4+ Kb8 17. a3 Qe7 18. Rxd8+ Rxd8 19. Re1 Nf6 20. Qg3 Qf7 21. Bc5 b6 22. Re7 Ne4 23. Qxc7+ 1-0

[Event "SVK-ch op-A"]
[Site "Banska Stiavnica"]
[Date "2007.07.10"]
[Round "4.66"]
[White "Kukla, Tomas"]
[Black "Hricko, Martin"]
[Result "1-0"]
[WhiteElo "1721"]
[BlackElo "1946"]
[PlyCount "81"]
[EventDate "2007.07.07"]
[EventType "swiss"]
[EventRounds "9"]
[EventCountry "SVK"]
[SourceTitle "EXT 2010"]
[Source "ChessBase"]
[SourceDate "2010.11.25"]
[SourceVersion "1"]
[SourceVersionDate "2010.11.25"]
[SourceQuality "1"]

1. d4 g6 2. c4 Nf6 3. Nc3 Bg7 4. e4 0-0 5. Nf3 d6 6. Be2 Nc6 7. d5 Nb8 8. 0-0 c6 9. h3 Na6 10. Be3 Nd7 11. Rc1 Ndc5 12. Nd2 f5 13. f3 e6 14. dxc6 bxc6 15. a3 f4 16. Bxc5 Nxc5 17. b4 Nd7 18. Nb3 Nf6 19. Kh2 Nh5 20. Qe1 Bf6 21. b5 Bh4 22. Qd2 e5 23. Rfd1 Bf2 24. Bf1 Qh4 25. Ne2 Ng3 26. Ng1 Nxe4 27. fxe4 Qg3+ 28. Kh1 f3 29. Rc3 Bxg1 30. Kxg1 Bxh3 31. Rdc1 Bxg2 32. Bxg2 f2+ 33. Kh1 Qh4+ 34. Rh3 f1Q+ 35. Rxf1 Rxf1+ 36. Bxf1 Qxe4+ 37. Qg2 Qb1 38. Nd2 Qa2 39. Ne4 Qb1 40. bxc6 Rf8 41. Rf3 1-0

[Event "Orlova op 4th"]
[Site "Orlova"]
[Date "2007.05.21"]
[Round "3"]
[White "Hricko, Martin"]
[Black "Ondika, Roman"]
[Result "1/2-1/2"]
[WhiteElo "1729"]
[BlackElo "1946"]
[PlyCount "58"]
[EventDate "2007.05.19"]
[EventType "swiss"]
[EventRounds "9"]
[EventCountry "CZE"]
[SourceTitle "EXT 2012"]
[Source "ChessBase"]
[SourceDate "2011.11.24"]
[SourceVersion "1"]
[SourceVersionDate "2011.11.24"]
[SourceQuality "1"]

1. e4 d5 2. exd5 Nf6 3. d4 Nxd5 4. c4 Nf6 5. Nf3 Bg4 6. Nc3 c6 7. Be2 e6 8. Bg5 Nbd7 9. d5 h6 10. Bh4 cxd5 11. cxd5 exd5 12. Nxd5 Qa5+ 13. Nc3 Bb4 14. 0-0 0-0 15. Rc1 Rac8 16. Nd4 Bxe2 17. Ndxe2 Rc4 18. Bxf6 Nxf6 19. a3 Bxc3 20. Nxc3 a6 21. Nd5 Rxc1 22. Nxf6+ gxf6 23. Qxc1 Qg5 24. Qc7 Qb5 25. Qc3 Qe5 26. Qc1 Re8 27. Rd1 Kg7 28. g3 Re7 29. Qd2 Re6 1/2-1/2

[Event "Orlova op 4th"]
[Site "Orlova"]
[Date "2007.05.20"]
[Round "2"]
[White "Labedz, Patrycja"]
[Black "Hricko, Martin"]
[Result "1-0"]
[WhiteElo "1914"]
[BlackElo "1729"]
[PlyCount "95"]
[EventDate "2007.05.19"]
[EventType "swiss"]
[EventRounds "9"]
[EventCountry "CZE"]
[SourceTitle "EXT 2012"]
[Source "ChessBase"]
[SourceDate "2011.11.24"]
[SourceVersion "1"]
[SourceVersionDate "2011.11.24"]
[SourceQuality "1"]

1. e4 g6 2. d4 Bg7 3. Nf3 d6 4. Bc4 Nf6 5. Nc3 Nxe4 6. Nxe4 d5 7. Bd3 dxe4 8. Bxe4 Nd7 9. c3 0-0 10. 0-0 Nf6 11. Bd3 b6 12. a4 a5 13. Ne5 Bb7 14. Qe2 Nd7 15. Bf4 Nxe5 16. Bxe5 Qd5 17. f3 Bxe5 18. dxe5 Rad8 19. Rfd1 Rd7 20. Bc4 Qc5+ 21. Kh1 Rdd8 22. h3 e6 23. Bb3 Rfe8 24. Rac1 Bd5 25. Bxd5 Rxd5 26. Rxd5 exd5 27. Rd1 f6 28. f4 fxe5 29. fxe5 c6 30. Re1 b5 31. axb5 cxb5 32. Qd2 b4 33. cxb4 axb4 34. Rc1 Qb5 35. Qd4 Rd8 36. Qh4 Qe8 37. Rc7 Rd7 38. Rxd7 Qxd7 39. Qxb4 Qc7 40. Qf4 Qc4 41. Qg5 d4 42. Qf4 Qd5 43. e6 Qxe6 44. Qxd4 Qc6 45. Qd8+ Kf7 46. Qb8 g5 47. b4 g4 48. Qf4+ 1-0